Nákupné zvyky slovenských domácnosti diplomová práca

Uložené v:
Podrobná bibliografia
Hlavný autor: Vávra, Peter
Korporativný autor: Obchodná fakulta EU. Katedra marketingu
Ďalší autori: Kita, Jaroslav
Médium: Kniha
Jazyk:Slovak
Vydavateľské údaje: Bratislava 2020
Tagy: Pridať tag
Žiadne tagy, Buďte prvý, kto otaguje tento záznam!

MARC

LEADER 00000nbm a2200000 4500
001 0266439
005 20201006135942.2
041 0 |a slo 
044 |a SK 
245 1 0 |a Nákupné zvyky slovenských domácnosti  |b diplomová práca  |c Peter Vávra ; školiteľ: Jaroslav Kita 
264 1 |a Bratislava  |c 2020 
300 |a 68 s. 
100 1 |a Vávra, Peter 
700 1 |a Kita, Jaroslav 
710 2 |a Obchodná fakulta EU. Katedra marketingu